00427 2200169 4500001002100000005001500021035002000036245006600056100001200122250002000134300000600154260003800160082000800198084001400206020002200220600001500242INLIS00000000000056320220816121535 a0010-08220000031 aPanduan Pendidika Antikorupsi siswa SMP/MTS KLS 9 /cMutiara0 aMutiara acetakan pertama av aBandar lampung :bErlangga,c2022 a500 a500 MUT p a978-623-7478-41-6 4apendidikan